000 00744nam a22002057a 4500
003 OSt
005 20251106034158.0
008 251106b |||||||| |||| 00| 0 eng d
020 _a 978-621-427-071-2
040 _aDWCL-Main lib
_cOC
082 _aFil.005.117 P788i 2019
100 _aPomperada, Jake R.
245 _aIntroduction to Ruby Programming/
_cJake R. Pomperada
260 _aManila, Philippines :
_bUnlimited books library services & publishing,
_cc2019.
300 _axviii, 241 pages :
_billustrations ;
_c25cm.
504 _aIncludes bibliographical references
650 _a1. Object- oriented programming ( computer science)
650 _a2. Ruby ( computer programming language)
942 _2ddc
_cBK - FIL
_kFil.
_n0
999 _c5557
_d5557